00453nam a2200145Ia 4500008004100000100001600041245007400057260003300131516002000164650001700184650001600201650002000217830002400237856004600261140925s9999 xx 000 0 und d aG.A., Fava. aPsychotherapy and Psychosomatics /cFava G.A.h[electronic resource] bS. Karger AG, Basel,cc2014. aElectronic text aPsychiatric. aPsychology. aPsychosomatics. aS. Karger AG, Basel uhttp://www.karger.com/Journal/Home/223864